| 000 | nam a22 7a 4500 | ||
|---|---|---|---|
| 999 |
_c27451 _d27451 |
||
| 008 | 170208b xxu||||| |||| 00| 0 eng d | ||
| 020 | _a0130315443 | ||
| 050 | _aHB 171.5 .O78 2001 | ||
| 100 | _aO'Sullivan, Arthur | ||
| 245 |
_aEconomics : _bprinciples and tools/ _cArthur O'Sullivan and Steven M. Sheffrin |
||
| 250 | _a2nd ed. | ||
| 260 |
_aUpper Saddle River, N.J. : _bPrentice Hall, _c ©2001. |
||
| 300 |
_a451p. : _b illustrations (some color) ; _c26 cm. |
||
| 650 | _a Economics. | ||
| 700 | _a Sheffrin, Steven M. | ||
| 942 |
_2lcc _cBOOKS _hHB 171.5 .O78 2001 |
||